Biblioteca

Symbolism and the Christian imagination (Registro nro. 46000)

Detalles MARC
000 -LÍDER
Campo fijo de descripción fija 01228aam a2200289 4500
001 - NÚMERO DE CONTROL
Campo de control 19638
003 - IDENTIFICADOR DEL NÚMERO DE CONTROL
Campo de control CO-MdFUSB
005 - FECHA Y HORA DE LA ULTIMA TRANSACCIÓN
control field 20180622072740.0
008 - ELEMENTOS DE LONGITUD FIJA -- INFORMACIÓN GENERAL
Campo fijo de descripción fija -- Información general 170316t1962 ie ||||f |||| 00| 0 eng d
040 ## - FUENTE DE CATALOGACIÓN
Agencia de catalogación original CO-MdFUSB
Idioma de catalogación spa
Agencia que realiza la transcripción CO-MdFUSB
Agencia que realiza la modificación CO-MdFUSBC
Convenciones de la descripción rda
041 ## - CÓDIGO DE IDIOMA
Código de idioma para texto/pista de sonido o título separado eng
082 ## - NÚMERO DE CLASIFICACIÓN DECIMAL DEWEY
Número de la edición del Dewey 24
Número de clasificación G 220.64
Clave de autor-Numero de item M991s
100 1# - ASIENTO PRINCIPAL--NOMBRE PERSONAL
Nombre personal Musurillo, Herbert
Término relacionador autor
245 00 - TÍTULO
Título del Material Symbolism and the Christian imagination
Mención de responsabilidad, etc. / Herbert Musurillo
264 #1 - PRODUCCIÓN, PUBLICACIÓN, DISTRIBUCIÓN, MANUFACTURA, Y COPYRIGHT
Lugar de producción, publicación, distribución, manufactura Dublin, Ireland :
Nombre del productor, publicador, distribuidor Helicon Press,
Fecha de producción, publicación, distribución, manufactura, o copyright ℗1962
264 #4 - PRODUCCIÓN, PUBLICACIÓN, DISTRIBUCIÓN, MANUFACTURA, Y COPYRIGHT
Fecha de producción, publicación, distribución, manufactura, o copyright ©1962
300 ## - DESCRIPCIÓN FÍSICA
Extensión 186 páginas
336 ## - TIPO DE CONTENIDO
Fuente rdacontent
Término de tipo de contenido
Código de tipo de contenido
337 ## - TIPO DE MEDIO
Fuente rdamedia
Nombre del tipo de medio
Código del tipo de medio
338 ## - TIPO DE SOPORTE
Fuente rdacarrier
Nombre del tipo de soporte
Código Tipo de soporte
501 ## - NOTA DE “CON”
Nota de Contenido Incluye índice (p. 179-186)
505 00 - NOTA DE CONTENIDO
Nota de contenido con formato preestablecido La comunicación y la imaginación cristiana - Las imágenes del Nuevo Testamento - Hermas y los padres apostólicos - El simbolismo del martirio y el ascetismo - La imagen divina en el hombre y la ascensión mística del alma - La catequesis de San Agustín - El crecimiento de poesía cristiana primitiva - El aumento de la poesía monástica - María: Mujer y virgen - La Alta Edad Media - La solución del dilema cristiano
563 ## - NOTA DE ENCUADERNACIÓN
Nota de encuadernación Pasta dura
650 #7 - ASIENTO SECUNDARIO DE MATERIA - TERMINO TEMÁTICO
9 (RLIN) 23
Término temático o nombre geográfico como elemento de entrada Biblia y literatura
942 ## - TIPO DE MATERIAL (KOHA)
Tipo de Item KOHA Libros General
Existencias
Estado de Material Estado de Perdido Forma de Clasificación Estado de Dañado No para Préstamo Colección Tomo Biblioteca de Origen Biblioteca Permanente Fecha de Adquisición Total de Préstamos Signatura Topográfica Código de Barras Última vez visto Ejemplar/Existencia Fecha de Remplazo Tipo de Material
    Dewey Decimal Classification     Colección General   Biblioteca FUSBC Biblioteca FUSBC 05/05/2015   G 220.64 M991s 19701 12/12/2019 Ej. 1 26/01/2016 Libros General

Biblioteca FUSBC | Teléfono: (57+4) 349 88 10 Ext. 141| WhatsApp (+57) 3005338115 
E-mail: biblioteca@unisbc.edu.co | Calle 76 87-14 Robledo Palenque, Medellín, Colombia

Con tecnología Koha